000 00459nab a22001457 4500
003 ES-SlBCS
005 20220723142959.0
008 220722s2022 mx ||||| |||| 00| 0 spa d
040 _aES-SlBCS
_bspa
041 _aspa
100 1 _aSánchez Ballesteros, Enrique
_977304
245 1 3 _aEl Lenguaje como Poiesis en Emilio Uranga
_cEnrique Sánchez Ballesteros
773 0 _gVol. 36, fasc. 1, 2022, págs. 107-118
_tAnalogía
_wRev19
_x0188-896X
942 _2lcc
_cAR
999 _c882620
_d882620